[Event "Barcelona Sant Marti op-A 14th"]
[Site "Barcelona"]
[Date "2012.07.20"]
[Round "8"]
[White "Kopaloff, Nick"]
[Black "Ortega Serra, Marc"]
[Result "1-0"]
[WhiteElo "2075"]
[BlackElo "2223"]
[PlyCount "125"]
[EventDate "2012.07.13"]
[EventType "swiss"]
[EventRounds "9"]
[EventCountry "ESP"]
[SourceTitle "CBM 149 Extra"]
[Source "ChessBase"]
[SourceDate "2012.08.24"]
[SourceVersion "1"]
[SourceVersionDate "2012.08.24"]
[SourceQuality "1"]

1. e4 e6 2. d4 d5 3. e5 c5 4. Qg4 Qc7 5. Nf3 Nc6 6. Qg3 cxd4 7. Bd3 Bd7 8. a3 0-0-0 9. b4 f6 10. exf6 Qxg3 11. hxg3 Nxf6 12. b5 Na5 13. Bb2 Bc5 14. Nbd2 e5 15. Nxe5 Rde8 16. f4 Ng4 17. 0-0 Ne3 18. Rfe1 Nac4 19. Nexc4 dxc4 20. Nxc4 Nxc4 21. Bxc4 d3+ 22. Kf1 dxc2 23. Bd3 Rxe1+ 24. Rxe1 Rd8 25. Rc1 b6 26. Rxc2 Bg4 27. Be2 Bf5 28. Rc1 Rd6 29. Bxg7 Kd7 30. Bf8 Be3 31. Bxd6 Bxc1 32. Bb4 Be6 33. Bd3 h5 34. f5 Bd5 35. Kf2 Bg5 36. Bc3 Be7 37. a4 Bc5+ 38. Kf1 Bd6 39. Be2 Bf7 40. g4 hxg4 41. Bxg4 Bb3 42. a5 bxa5 43. Bxa5 Ke7 44. Bc3 Bc5 45. f6+ Kf8 46. Be2 Be3 47. g4 Kf7 48. Kg2 Bd5+ 49. Kg3 Bg5 50. Bd4 Bxf6 51. Bxa7 Be5+ 52. Kf2 Bf6 53. Bf3 Bc4 54. Be2 Bd5 55. Be3 Bh4+ 56. Kg1 Bg3 57. b6 Bb7 58. Bf1 Bf3 59. g5 Bb8 60. Bg2 Be2 61. Kf2 Bb5 62. Bd5+ Kg6 63. Kf3 1-0

[Event "Barcelona Sant Marti op-A 14th"]
[Site "Barcelona"]
[Date "2012.07.19"]
[Round "7"]
[White "Lacasta Palacio, Joaquim"]
[Black "Kopaloff, Nick"]
[Result "1/2-1/2"]
[WhiteElo "2195"]
[BlackElo "2075"]
[PlyCount "52"]
[EventDate "2012.07.13"]
[EventType "swiss"]
[EventRounds "9"]
[EventCountry "ESP"]
[SourceTitle "CBM 149 Extra"]
[Source "ChessBase"]
[SourceDate "2012.08.24"]
[SourceVersion "1"]
[SourceVersionDate "2012.08.24"]
[SourceQuality "1"]

1. g3 d5 2. f4 Nf6 3. Nf3 g6 4. Bg2 Bg7 5. 0-0 0-0 6. d3 Nc6 7. c3 Qd6 8. Qe1 e5 9. fxe5 Nxe5 10. Nxe5 Qxe5 11. Bf4 Qe6 12. Qd2 Re8 13. Bf3 Qb6+ 14. Kh1 Bh3 15. Bg2 Bxg2+ 16. Kxg2 Ng4 17. Na3 Re6 18. Rae1 Rae8 19. Rf3 h6 20. h3 Ne3+ 21. Bxe3 Rxe3 22. Rxe3 Rxe3 23. Nc2 Re7 24. b4 Qc6 25. Nd4 Qb6 26. e3 a5 1/2-1/2

[Event "Barcelona Sant Marti op-A 14th"]
[Site "Barcelona"]
[Date "2012.07.13"]
[Round "1"]
[White "Cruz, Jonathan"]
[Black "Kopaloff, Nick"]
[Result "1-0"]
[WhiteElo "2418"]
[BlackElo "2075"]
[PlyCount "57"]
[EventDate "2012.07.13"]
[EventType "swiss"]
[EventRounds "9"]
[EventCountry "ESP"]
[SourceTitle "CBM 149 Extra"]
[Source "ChessBase"]
[SourceDate "2012.08.24"]
[SourceVersion "1"]
[SourceVersionDate "2012.08.24"]
[SourceQuality "1"]

1. d4 Nf6 2. c4 e5 3. dxe5 Ng4 4. Nf3 Bc5 5. e3 Nc6 6. Be2 Ngxe5 7. Nd4 0-0 8. 0-0 Re8 9. Nc3 d6 10. Nd5 Ne7 11. Nf4 N7g6 12. Nh5 Qh4 13. Ng3 Bg4 14. f3 Bd7 15. Kh1 Bxd4 16. exd4 Nc6 17. f4 f5 18. d5 Nd8 19. Bd3 Rf8 20. Bd2 Ne7 21. Bc3 g6 22. Bc2 c5 23. dxc6 Ndxc6 24. Qxd6 Rad8 25. Rae1 Be8 26. Qc5 Bf7 27. b3 Rfe8 28. Qf2 h6 29. Ne4 1-0

[Event "Budapest FS08 FM-A"]
[Site "Budapest"]
[Date "2005.08.08"]
[Round "3"]
[White "Schulze, Hubertus"]
[Black "Kopaloff, Nick"]
[Result "1/2-1/2"]
[WhiteElo "2148"]
[BlackElo "2053"]
[PlyCount "69"]
[EventDate "2005.08.06"]
[EventType "tourn"]
[EventRounds "11"]
[EventCountry "HUN"]
[SourceTitle "CBM 107 Extra"]
[Source "ChessBase"]
[SourceDate "2005.09.01"]
[SourceVersion "1"]
[SourceVersionDate "2005.09.01"]
[SourceQuality "1"]

1. d4 Nf6 2. c4 e5 3. dxe5 Ng4 4. Nf3 Bc5 5. e3 Nc6 6. Be2 Ngxe5 7. Nbd2 d5 8. 0-0 dxc4 9. Nxc4 Qe7 10. Qc2 Nxf3+ 11. Bxf3 Ne5 12. Nxe5 Qxe5 13. Bd2 Bd6 14. Qe4 Qxe4 15. Bxe4 c6 16. Bc3 f6 17. Rfd1 Ke7 18. Rd2 Be6 19. Rad1 Bc7 20. b3 Rad8 21. Bd4 a6 22. h3 Kf7 23. Kf1 Rhe8 24. Bf3 Bd5 25. Bxd5+ Rxd5 26. Ke2 Red8 27. f3 Ke6 28. e4 R5d7 29. Rd3 Be5 30. Bxe5 Rxd3 31. Rxd3 Rxd3 32. Kxd3 Kxe5 33. g3 c5 34. a4 b5 35. f4+ 1/2-1/2